Statistics for Official languages of the EU

Click here to take the quiz!

General Stats

  • This quiz has been taken 30 times
  • The average score is 15 of 24

Answer Stats

Offical language sinceLanguage% Correct
1958German
100%
1973English
92%
1986Spanish
92%
1958Italian
88%
1958French
85%
1995Swedish
85%
1973Danish
73%
1995Finnish
73%
2004Polish
69%
1958Dutch
62%
1986Portuguese
62%
2007Bulgarian
58%
1981Greek
58%
2007Romanian
58%
2013Croatian
54%
2004Czech
54%
2004Hungarian
42%
2004Slovak
42%
2004Estonian
38%
2004Latvian
38%
2004Lithuanian
38%
2004Slovenian
38%
2007Irish
31%
2004Maltese
27%

Score Distribution

Percentile by Number Answered

Percent of People with Each Score

Your Score History

You have not taken this quiz